| 000 -ლიდერი |
| ფიქსირებული სიგრძის საკონტროლო ველი |
02887nam a22003137a 4500 |
| 003 - საკონტროლო ნომრის იდენტიფიკატორი |
| საკონტროლო ველი |
Ge_BSU |
| 005 - ბოლო ოპერაციის თარიღი და დრო |
| საკონტროლო ველი |
20230612175306.0 |
| 008 - ფიქსირებული სიგრძის მონაცემთა ელემენტები - ზოგადი ინფორმაცია |
| ფიქსირებული სიგრძის საკონტროლო ველი |
230612s2018 ge ||||| |||| 00| 0 geo d |
| 020 ## - წიგნის საერთაშორისო სტანდარტული ნომერი |
| International Standard Book Number |
9789941137969 |
| 041 ## - ენის კოდი |
| Language code of text/sound track or separate title |
geo |
| 080 ## - უნივერსალური ათობითი კლასიფიკაციის ინდექსი |
| Universal Decimal Classification number |
903.2(479.22) თ-41 |
| 100 ## - მთავარი ჩანაწერი - პიროვნების სახელი |
| Personal name |
თეთრუაშვილი, ანა |
| 9 (RLIN) |
18659 |
| 245 ## - ცნობა სათაურის შესახებ |
| Title |
მეურნეობის ტიპები გრაკლიან გორაზე = The agriculture types on the Grakliani Hill : |
| Remainder of title |
ქვის ინდუსტრიის არქეოლოგიური და ტრასოლოგიური კვლევების მიხედვით / |
| Statement of responsibility, etc |
ანა თეთრუაშვილი; სამეცნიერო რედაქტორი ვახტანგ ლიჩელი; რედაქტორები: თამარ თარხნიშვილი, ნათია ჯანგულაშვილი, ლანა კირკიტაძე; ინგლისური ენის რედაქტორი მარინა ჭყონია; გარეკანის დიზაინი თინათინ ჩირინაშვილი; ივანე ჯავახიშვილის სახელობის თბილისის სახელმწიფო უნივერსიტეტი. |
| 264 ## - წარმოების, გამოცემის, დისტრიბუციის და სხვა ცნობები |
| გამოცემის, წარმოების, დისტრიბუციის... ადგილი |
თბილისი : |
| გამოცემის, წარმოების, დისტრიბუციის... სახელწოდება |
თბილ. უნ-ტის გამ-ბა, |
| გამოცემის, წარმოების, დისტრიბუციის... თარიღი |
2018. |
| 300 ## - ფიზიკური აღწერა |
| Extent |
196 გვ. : |
| Other physical details |
სურ., ცხრ., დიაგრ. ; |
| Dimensions |
20 სმ. |
| 500 ## - ზოგადი შენიშვნა |
| General note |
ეძღვნება გიორგი შარიფაშვილის ხსოვნას. |
| 504 ## - BIBLIOGRAPHY, ETC. NOTE |
| Bibliography, etc |
ბიბლიოგრაფია: გვ. 157-166 |
| 520 ## - SUMMARY, ETC. |
| Summary, etc |
რეზიუმე ინგლისურ ენაზე. |
| 653 ## - INDEX TERM--UNCONTROLLED |
| Uncontrolled term |
საქართველოს არქეოლოგია |
| 653 ## - INDEX TERM--UNCONTROLLED |
| Uncontrolled term |
ქართული ნივთიერი კულტურა |
| 700 ## - ADDED ENTRY--PERSONAL NAME |
| Personal name |
ლიჩელი, ვახტანგ |
| Relator term |
სამეცნ. რედაქტორი |
| 9 (RLIN) |
18277 |
| 700 ## - ADDED ENTRY--PERSONAL NAME |
| Personal name |
თარხნიშვილი, თამარ |
| Relator term |
რედაქტორი. |
| 9 (RLIN) |
13899 |
| 700 ## - ADDED ENTRY--PERSONAL NAME |
| Personal name |
ჯანგულაშვილი, ნათია |
| Relator term |
რედაქტორი |
| 9 (RLIN) |
18660 |
| 700 ## - ADDED ENTRY--PERSONAL NAME |
| Personal name |
კირკიტაძე, ლანა |
| Relator term |
რედაქტორი |
| 9 (RLIN) |
18661 |
| 700 ## - ADDED ENTRY--PERSONAL NAME |
| Personal name |
ჭყონია, მარინა |
| Relator term |
ინგლ. ენის რედაქტორი. |
| 9 (RLIN) |
5670 |
| 700 ## - ADDED ENTRY--PERSONAL NAME |
| Personal name |
ჩირინაშვილი, თინათინ |
| Relator term |
გარეკანის დიზაინერი. |
| 9 (RLIN) |
18081 |
| 710 ## - ADDED ENTRY--CORPORATE NAME |
| Corporate name or jurisdiction name as entry element |
ივანე ჯავახიშვილის სახელობის თბილისის სახელმწიფო უნივერსიტეტი |
| 9 (RLIN) |
18662 |
| 942 ## - ADDED ENTRY ELEMENTS (KOHA) |
| Source of classification or shelving scheme |
|
| Koha item type |
წიგნი |